000 00587nam a2200193 4500
999 _c17799
_d17799
003 AR-CdUCM
008 190509b ||||| |||| 00| 0 eng d
040 _aMUNICIPALIDAD PROVINCIAL DEL CUSCO
_cBIBLIOTECA MUNICIPAL DEL CUSCO
082 _a868.6 /
_bJ24
100 _aJardiel Poncela, Enrique
_9761
245 _aPero... ¿Hubo alguna vez once mil virgenes? /
260 _aMexico :
_bEditora Latino Americana,
_c1957.
300 _a324 paginas ;
_c20 cm.
500 _aNovela
650 _aNovela
_95
650 _aHistoria
_9136
942 _2ddc
_cLIBROS
945 _apjha
_d2019-05-09